000 00807nam a2200229Ii 4500
003 JO-AjNU
008 230605s9999||||xx |||||||||||||| ||und||
017 _a2007/6/1773
020 _a9957-16-011-1
040 _aJO-AjNU
_bara
_erda
_cJO-AjNU
041 _aara
050 1 4 _aHG1685.Y35 2009
100 3 _aياملكي،اكرم,
_eauthor
_925766
245 0 0 _aالاوراق التجارية والعمليات المصرفية
250 _aط1 الاصدار الرابع
264 3 1 _aعمان: دار الثقافة للنشر والتوزيع، 2009
300 _a351ص
_bيحتوي على ببلوغرافية من 349-351ص
336 _atext
_btxt
_2rdacontent
337 _aunmediated
_bn
_2rdamedia
338 _avolume
_bnc
_2rdacarrier
650 4 _aالاوراق التجارية
_925767
999 _aA9680
_c13248
_d13248